Forecasts of Investment Attractiveness of Russian Oil Companies on the Example of NK Lukoil PAO

Finančná analýza ako významný faktor pri určovaní perspektívy rozvoja spoločnosti a možnosti získavania investičných zdrojov. Analýza finančných výkazov a zhodnotenie atraktivity konkrétnej ropnej spoločnosti pre prílev investícií. Prognózovanie výkonnosti spoločnosti na základe analýzy.

Salvato in:
Dettagli Bibliografici
Autore principale: Kostiaeva, Vareriia
Natura: Capitolo di libro
Lingua:inglese
Soggetti:
Tags: Aggiungi Tag
Nessun Tag, puoi essere il primo ad aggiungerne!!

MARC

LEADER 00000naa a2200000 4500
001 0272511
005 20210311131332.6
041 0 |a eng 
044 |a SK 
245 1 0 |a Forecasts of Investment Attractiveness of Russian Oil Companies on the Example of NK Lukoil PAO  |c Vareriia Kostiaeva 
520 |a Finančná analýza ako významný faktor pri určovaní perspektívy rozvoja spoločnosti a možnosti získavania investičných zdrojov. Analýza finančných výkazov a zhodnotenie atraktivity konkrétnej ropnej spoločnosti pre prílev investícií. Prognózovanie výkonnosti spoločnosti na základe analýzy. 
610 2 0 |a investori 
610 2 0 |a riziko investičné 
610 2 0 |a ropa 
610 2 0 |a analýza finančná 
610 2 0 |a prognózy 
610 2 0 |a výkonnosť podniku 
610 2 0 |a ukazovatele finančné 
100 1 |a Kostiaeva, Vareriia